<?xml version="1.0" encoding="UTF-8"?>
<record
    xmlns:xsi="http://www.w3.org/2001/XMLSchema-instance"
    xsi:schemaLocation="http://www.loc.gov/MARC21/slim http://www.loc.gov/standards/marcxml/schema/MARC21slim.xsd"
    xmlns="http://www.loc.gov/MARC21/slim">

  <leader>01377nam0a2200313   4500</leader>
  <controlfield tag="001">RU\NLR\BIBL_A\022788206</controlfield>
  <controlfield tag="005">20260426073521.0</controlfield>
  <datafield tag="010" ind1=" " ind2=" ">
    <subfield code="9">2000</subfield>
  </datafield>
  <datafield tag="035" ind1=" " ind2=" ">
    <subfield code="a">(NLR Aleph) 022788206</subfield>
  </datafield>
  <datafield tag="090" ind1=" " ind2=" ">
    <subfield code="a">13694723</subfield>
    <subfield code="c">13694723</subfield>
  </datafield>
  <datafield tag="100" ind1=" " ind2=" ">
    <subfield code="a">20260417d1981    m  y0rusy50      ca</subfield>
  </datafield>
  <datafield tag="101" ind1="0" ind2=" ">
    <subfield code="a">tyv</subfield>
  </datafield>
  <datafield tag="102" ind1=" " ind2=" ">
    <subfield code="a">RU</subfield>
  </datafield>
  <datafield tag="105" ind1=" " ind2=" ">
    <subfield code="a">a   z   000 y</subfield>
  </datafield>
  <datafield tag="181" ind1=" " ind2="0">
    <subfield code="a">i </subfield>
    <subfield code="b">axxe  </subfield>
  </datafield>
  <datafield tag="182" ind1=" " ind2="0">
    <subfield code="a">n</subfield>
  </datafield>
  <datafield tag="200" ind1="1" ind2=" ">
    <subfield code="a">&#x427;&#x438;&#x440;&#x433;&#x438;&#x43B;&#x447;&#x438;&#x43D;</subfield>
    <subfield code="e">&#x448;&#x4AF;&#x43B;&#x4AF;&#x43A;&#x442;&#x435;&#x440;, &#x442;&#x43E;&#x43E;&#x43B;&#x434;&#x430;&#x440;</subfield>
    <subfield code="f">&#x411;&#x43E;&#x440;&#x438;&#x441; &#x427;&#x44E;&#x434;&#x44E;&#x43A;</subfield>
  </datafield>
  <datafield tag="203" ind1=" " ind2=" ">
    <subfield code="a">&#x422;&#x435;&#x43A;&#x441;&#x442;</subfield>
    <subfield code="b">&#x432;&#x438;&#x437;&#x443;&#x430;&#x43B;&#x44C;&#x43D;&#x44B;&#x439;</subfield>
    <subfield code="c">&#x43D;&#x435;&#x43F;&#x43E;&#x441;&#x440;&#x435;&#x434;&#x441;&#x442;&#x432;&#x435;&#x43D;&#x43D;&#x44B;&#x439;</subfield>
  </datafield>
  <datafield tag="205" ind1=" " ind2=" ">
    <subfield code="a">&#x41B;&#x438;&#x442;&#x435;&#x440;&#x430;&#x442;&#x443;&#x440;&#x43D;&#x43E;-&#x445;&#x443;&#x434;&#x43E;&#x436;&#x435;&#x441;&#x442;&#x432;&#x435;&#x43D;&#x43D;&#x43E;&#x435; &#x438;&#x437;&#x434;&#x430;&#x43D;&#x438;&#x435;</subfield>
  </datafield>
  <datafield tag="210" ind1=" " ind2=" ">
    <subfield code="a">&#x41A;&#x44B;&#x437;&#x44B;&#x43B;</subfield>
    <subfield code="c">&#x422;&#x44B;&#x432;&#x430;&#x43D;&#x44B;&#x4A3; &#x43D;&#x43E;&#x43C; &#x4AF;&#x43D;&#x434;&#x4AF;&#x440;&#x435;&#x440; &#x447;&#x435;&#x440;&#x438;</subfield>
    <subfield code="d">1981</subfield>
  </datafield>
  <datafield tag="215" ind1=" " ind2=" ">
    <subfield code="a">61, [3] &#x441;</subfield>
    <subfield code="c">&#x438;&#x43B;.</subfield>
    <subfield code="d">17</subfield>
  </datafield>
  <datafield tag="330" ind1=" " ind2=" ">
    <subfield code="a">&#x411;. &#x411;. &#x427;&#x44E;&#x434;&#x44E;&#x43A; &#x432; &#x441;&#x432;&#x43E;&#x438;&#x445; &#x441;&#x442;&#x438;&#x445;&#x430;&#x445; &#x441; &#x433;&#x43B;&#x443;&#x431;&#x43E;&#x43A;&#x438;&#x43C; &#x43B;&#x438;&#x440;&#x438;&#x437;&#x43C;&#x43E;&#x43C; &#x432;&#x43E;&#x441;&#x43F;&#x435;&#x432;&#x430;&#x435;&#x442; &#x440;&#x43E;&#x434;&#x43D;&#x43E;&#x439; &#x43A;&#x440;&#x430;&#x439;, &#x442;&#x440;&#x443;&#x434; &#x441;&#x435;&#x43B;&#x44C;&#x441;&#x43A;&#x438;&#x445; &#x442;&#x440;&#x443;&#x436;&#x435;&#x43D;&#x438;&#x43A;&#x43E;&#x432;. &#x412; &#x43A;&#x43D;&#x438;&#x433;&#x443;, &#x43A;&#x440;&#x43E;&#x43C;&#x435; &#x441;&#x442;&#x438;&#x445;&#x43E;&#x432;, &#x432;&#x43A;&#x43B;&#x44E;&#x447;&#x435;&#x43D;&#x44B; &#x43B;&#x435;&#x433;&#x435;&#x43D;&#x434;&#x44B;, &#x43D;&#x430;&#x43F;&#x438;&#x441;&#x430;&#x43D;&#x43D;&#x44B;&#x435; &#x43F;&#x43E; &#x43C;&#x43E;&#x442;&#x438;&#x432;&#x430;&#x43C; &#x43D;&#x430;&#x440;&#x43E;&#x434;&#x43D;&#x44B;&#x445; &#x441;&#x43A;&#x430;&#x437;&#x43E;&#x43A;.</subfield>
  </datafield>
  <datafield tag="541" ind1="1" ind2=" ">
    <subfield code="a">&#x41C;&#x430;&#x440;&#x435;&#x432;&#x43E;</subfield>
    <subfield code="z">rus</subfield>
    <subfield code="e">&#x441;&#x442;&#x438;&#x445;&#x438; &#x438; &#x43B;&#x435;&#x433;&#x435;&#x43D;&#x434;&#x44B;</subfield>
  </datafield>
  <datafield tag="686" ind1="1" ind2=" ">
    <subfield code="a">&#x428;6(2=&#x422;&#x443;)7 &#x44F;44</subfield>
  </datafield>
  <datafield tag="700" ind1=" " ind2="1">
    <subfield code="a">&#x427;&#x44E;&#x434;&#x44E;&#x43A;</subfield>
    <subfield code="b">&#x411;. &#x411;.</subfield>
    <subfield code="f">1925-2001</subfield>
    <subfield code="g">&#x411;&#x43E;&#x440;&#x438;&#x441; &#x411;&#x430;&#x430;&#x434;&#x430;&#x43D;&#x43E;&#x432;&#x438;&#x447;</subfield>
    <subfield code="4">070</subfield>
  </datafield>
  <datafield tag="852" ind1=" " ind2=" ">
    <subfield code="a">NLR</subfield>
    <subfield code="b">&#x41E;&#x41D;&#x41B;</subfield>
    <subfield code="j">&#x422;&#x443;&#x432;./2-1043</subfield>
  </datafield>
  <datafield tag="942" ind1=" " ind2=" ">
    <subfield code="c">BOOK</subfield>
  </datafield>
  <datafield tag="980" ind1=" " ind2=" ">
    <subfield code="a">NB</subfield>
  </datafield>
</record>
